| 000 | 00847nam a2200217 a 4500 | ||
|---|---|---|---|
| 001 | 000041789 | ||
| 005 | 20201002035745.0 | ||
| 008 | 131017s2001 sp 000 0 spa d | ||
| 020 | _a8400044479 | ||
| 040 |
_aDO-SdBNP _bspa _cBNPHU |
||
| 082 |
_axxx _bxxx |
||
| 100 | 1 |
_aPalenque, Marta _968649 |
|
| 245 | 1 | 3 |
_aLa poesía en las colecciones de literatura popular : _b"Los poetas" (1920 y 1928) y "Romances" / _cMarta Palenque ; prólogo Alberto Sánchez Álvarez Insúa. |
| 260 |
_aMadrid : _bConsejo Superior de Investigaciones Científicas, _c2001. |
||
| 300 |
_a222 p. ; _c22 cm. |
||
| 490 | 1 |
_aLiteratura breve _v8 |
|
| 500 | _aIncluye referencias bibliográficas y notas al pie de las páginas | ||
| 504 | _aBibliografía : p. 135-139 | ||
| 700 | 1 |
_aÁlvarez Insúa, Alberto Sánchez _epról. _968650 |
|
| 830 | 0 |
_aLiteratura breve _n8 _968651 |
|
| 999 |
_c41278 _d41278 |
||